LEADER 00913nam a2200241 u 4500 001 000000032184 003 CaOOAMICUS 005 20070226112226.0 008 971014s1970 it u000 u ita u 035 $a10772812 040 $aPUL(R)$bita 100 1 $aMariani, Bonaventura,$cO.F.M.$0(OLS)http://pul/name/15551 245 13$aIl popolo di Dio nel Vecchio Testamento /$cBonaventura Mariani. 260 $aRoma :$bCittà Nuova,$cc1970. 300 $a286 p. ;$c20 cm 500 $a"Indice" : p. 279-286. 504 $a"Bibliografia generale" : p. 271-278. 850 $aPUL 852 $aPUL$W1$xSL Religione 1$y3$m10 H 86$j44433$nBK-PRI$b $qStampati$B44433$CPULBib$Z2$F44433 $H $81 941 1 $a8 961 $aINV: 57436. 996 $6245$aIl popolo di Dio nel Vecchio Testamento$9(OLS)http://pul/title/44349 996 $6260$aRoma :$bCittà Nuova$9(OLS)http://pul/publisher/47927 LEADER 01557nam a2200289 a 4500 001 000000133748 003 CaOOAMICUS 005 20130506131154.0 008 130506s2005 it a u000 u ita r 040 $aPUL$bita 082 04$a069 100 1 $aAmato, Pietro,$csac.,$d1945-$0(OLS)http://pul/name/3375 245 10$aProgettare un museo :$bnozioni fondamentali per la gestione dei musei /$cPietro Amato. 260 $aRoma :$bIstituto Italo-Latino Americano,$c2005. 300 $a222 p. :$bill. ;$c24 cm 490 1 $aQuaderni IILA. Serie cooperacion ;$v22 500 $aSul front.: Progetto finanziato dal Ministero degli Affari Esteri d'Italia, Direzione Generale per la Cooperazione allo Sviluppo nell'ambito del Trust Fund finalizzato alla valorizzazione e tutela del patrimonio culturale come risorsa di sviluppo e promozione dei rapporti in questo campo tra l'Italia e i Paesi Latino Americani. 504 $aBibliografia in nota. 650 4$aMuseologia.$0(OLS)http://pul/subject/23513 830 0$aQuaderni IILA.$pSerie cooperacion ;$v22.$0(OLS)http://pul/title/169055 850 $aPUL 852 $aPUL$W1$xSL Cons. Gen., Altre Classi 3$y75$m069 AMAPI 1$j153720$qDDC 21$B153295$CPULBib$Z2$F153295 $H122323 $82 941 1 $a9 996 $6082$a069$9(OLS)http://pul/classification/2510 996 $6245$aProgettare un museo :$bnozioni fondamentali per la gestione dei musei$9(OLS)http://pul/title/169053 996 $6260$aRoma :$bIstituto Italo-Latino Americano$9(OLS)http://pul/publisher/67671